000 00937nam0a2200325 4500
001 RU\NLR\bibl\200722
005 20250619093127.0
021 _aRU
_b2001-26160
_91239
035 _a(NLR Aleph) 000197093
090 _a1141356
_c1141356
100 _a20010808d2001 |||y0rusy50 ca
101 0 _arus
102 _aRU
105 _ac |||||||||
200 1 _aГул жизни
_eСтихи
_fЮрий Криворуцкий
205 _a2-е изд.
210 _aМ.
_cБ. и.
_d2001
215 _a159,[1] с.
_cпортр.
_d20
675 _a821.161.1-1Криворуцкий
_v3
_zrus
686 _a17.82
_2rugasnti
686 _a84(2Рос=Рус)6-5
_2rubbk
686 _aШ6(2=Р)75-5
700 1 _aКриворуцкий
_gЮрий
_4070
801 0 _aRU
_bRKP
_c20010808
_gPSBO
801 1 _aRU
_bRKP
_c20010808
801 2 _aRU
_bNLR
_c20011206
_grcr
942 _cBOOK
980 _aNB